Statistiken für Berge Österreichs mit Karte

Klicken Sie hier um das Quiz zu spielen!

Allgemein

  • Dieses Quiz wurde 525 mal gespielt
  • Das Durchschnittsergebnis liegt bei 7 aus 33

Antworten auf der Karte

Die Antworten werden auf der Karte rot bzw. grün angezeigt, abhängig davon wie oft sie richtig erraten wurden.
 

Antwortstatistiken

GebirgeSeehöheBerg% Korrekt
Hohe Tauern3798Großglockner
95%
Venedigergruppe3657Großvenediger
63%
Rax-Schneeberg-Gruppe2076Schneeberg
43%
Dachsteingebirge2995Hoher Dachstein
40%
Ötztaler Alpen3768Wildspitze
39%
Rax-Schneeberg-Gruppe2007Rax
34%
Wettersteingebirge2962Zugspitze
34%
Silvretta3312Piz Buin
33%
Berchtesgadener Alpen2941Hochkönig
28%
Wienerwald484Kahlenberg
27%
Hohe Tauern3203Kitzsteinhorn
21%
Ötztaler Alpen3738Weißkugel
18%
Wienerwald542Hermannskogel
16%
Stubaier Alpen3507Zuckerhütl
16%
Totes Gebirge2515Großer Priel
15%
Hochschwabgruppe2277Hochschwab
15%
Günser Gebirge884Geschriebenstein
12%
Zillertaler Alpen3509Hochfeiler
12%
Ybbstaler Alpen1808Hochkar
10%
Lechtaler Alpen3036Parseierspitze
10%
Gesäuse2369Hochtor
9%
Kitzbüheler Alpen1996Kitzbüheler Horn
8%
Böhmische Masse537Manhartsberg
8%
Seetaler Alpen2396Zirbitzkogel
7%
Karwendel2749Birkkarspitze
6%
Gailtaler Alpen2770Große Sandspitze
6%
Karnische Alpen2780Hohe Warte
6%
Mürzsteger Alpen1903Schneealpe
6%
Gurktaler Alpen2441Eisenhut
5%
Tennengebirge2430Raucheck
5%
Wienerwald893Schöpfl
5%
Karawanken2237Hochstuhl
4%
Leithagebirge484Sonnenberg
2%

Verteilung der Resultate

Perzentil nach korrekt beantworteten Fragen

Anzahl Personen mit jedem Resultat

Ihre Resultats-Entwicklung

Sie haben dieses Quiz noch nicht gespielt